[Event "Titled Tuesday intern op 30th Apr Early"]
[Site "Chess.com INT"]
[Date "2024.04.30"]
[Round "7"]
[White "Cardozo Munar, Carlos Eduardo"]
[Black "Bielinski, Dariusz"]
[Result "0-1"]
[WhiteElo "2043"]
[BlackElo "2135"]
[PlyCount "106"]
[EventDate "2024.04.30"]
[EventType "swiss (blitz)"]
[EventRounds "11"]
[EventCountry "USA"]
[SourceTitle "CB19_2024"]
[SourceDate "2024.05.08"]
[SourceVersion "1"]
[SourceVersionDate "2024.05.08"]
[SourceQuality "1"]

1. e4 d6 2. Nf3 Nf6 3. Nc3 g6 4. Bc4 Bg7 5. 0-0 0-0 6. Re1 c5 7. h3 Nc6 8. d3 a6 9. a3 b5 10. Ba2 b4 11. axb4 Nxb4 12. Bc4 e6 13. Bg5 h6 14. Bh4 g5 15. Bg3 d5 16. exd5 exd5 17. Bb3 Bb7 18. Be5 d4 19. Ne4 Nxe4 20. Bxg7 Nxf2 21. Kxf2 Kxg7 22. Qd2 Bxf3 23. gxf3 Qd6 24. Kg2 Rae8 25. Re4 f5 26. Rxe8 Rxe8 27. Re1 Re5 28. Rxe5 Qxe5 29. c3 dxc3 30. bxc3 Nd5 31. Bxd5 Qxd5 32. d4 cxd4 33. cxd4 a5 34. Qc3 Kg6 35. Qc5 Qxc5 36. dxc5 Kf6 37. Kf2 Ke6 38. Ke3 Kd5 39. Kd3 Kxc5 40. f4 gxf4 41. Ke2 a4 42. Kf3 a3 43. Kxf4 a2 44. Kxf5 a1Q 45. Kg4 Qf6 46. h4 Kd4 47. Kh5 Ke4 48. Kg4 Qf5+ 49. Kg3 h5 50. Kg2 Kf4 51. Kf2 Qc2+ 52. Kg1 Kg3 53. Kf1 Qf2# 0-1

[Event "Titled Tuesday intern op 30th Apr Early"]
[Site "Chess.com INT"]
[Date "2024.04.30"]
[Round "4"]
[White "Kushch, Nikolai"]
[Black "Cardozo Munar, Carlos Eduardo"]
[Result "1-0"]
[WhiteElo "2334"]
[BlackElo "2043"]
[PlyCount "87"]
[EventDate "2024.04.30"]
[EventType "swiss (blitz)"]
[EventRounds "11"]
[EventCountry "USA"]
[SourceTitle "CB19_2024"]
[SourceDate "2024.05.08"]
[SourceVersion "1"]
[SourceVersionDate "2024.05.08"]
[SourceQuality "1"]

1. Nf3 Nf6 2. c4 g6 3. b4 Bg7 4. Bb2 0-0 5. d4 d5 6. Nbd2 c6 7. e3 a6 8. Be2 Nbd7 9. 0-0 Re8 10. Qb3 dxc4 11. Nxc4 Nb6 12. Qc2 Nxc4 13. Bxc4 Nd5 14. a3 b5 15. Bb3 Bb7 16. Rfd1 Qd7 17. e4 Nf4 18. h3 Rad8 19. Rd2 Bh6 20. Ne5 Nxh3+ 21. gxh3 Qxh3 22. Rd3 Qh4 23. Rc3 e6 24. Rg3 Bf4 25. Nf3 Qh6 26. Rg2 Qh5 27. Qc3 Rd7 28. Bd1 Qh6 29. Be2 Kf8 30. Bc1 Bxc1 31. Rxc1 c5 32. Qxc5+ Kg8 33. Qg5 Qg7 34. Ne5 Rxd4 35. Ng4 Red8 36. Nf6+ Kf8 37. Rc7 h5 38. Rxb7 Rd2 39. Nd5 R2xd5 40. exd5 Qa1+ 41. Kh2 Rxd5 42. Qh6+ Ke8 43. Qf4 Kf8 44. Qxf7# 1-0

[Event "Titled Tuesday intern op 23rd Apr Late"]
[Site "Chess.com INT"]
[Date "2024.04.23"]
[Round "3"]
[White "Cardozo Munar, Carlos Eduardo"]
[Black "Hasanagic, Anel"]
[Result "1/2-1/2"]
[WhiteElo "2043"]
[BlackElo "2281"]
[PlyCount "213"]
[EventDate "2024.04.23"]
[EventType "swiss (blitz)"]
[EventRounds "11"]
[EventCountry "USA"]
[SourceTitle "CB18_2024"]
[SourceDate "2024.05.01"]
[SourceVersion "1"]
[SourceVersionDate "2024.05.01"]
[SourceQuality "2"]

1. d4 Nf6 2. Bg5 e6 3. e4 h6 4. Bxf6 Qxf6 5. c3 d6 6. Nd2 b6 7. Bd3 Bb7 8. Ne2 Nd7 9. 0-0 g5 10. a4 Bg7 11. a5 0-0 12. f4 g4 13. e5 Qe7 14. Ng3 f5 15. exf6 Nxf6 16. Qe2 h5 17. f5 h4 18. Nh1 Rae8 19. Rae1 e5 20. dxe5 Qxe5 21. Qxe5 Rxe5 22. Rxe5 dxe5 23. Re1 Rd8 24. Bc4+ Kh7 25. Nb3 Kh6 26. Nf2 Kg5 27. Be6 Nh5 28. axb6 axb6 29. Nxg4 Kxg4 30. f6+ Kg5 31. fxg7 Nxg7 32. Bc4 Kf6 33. Re2 Nf5 34. Nd2 Nd6 35. Bb3 e4 36. Bc2 Re8 37. Kf2 Ke5 38. Re3 Rf8+ 39. Ke1 Rg8 40. g3 hxg3 41. Rxg3 Rh8 42. Rg7 Rxh2 43. Rxc7 Bd5 44. c4 Be6 45. b4 Rh1+ 46. Kf2 Rh2+ 47. Ke1 Bg4 48. Bd1 Rh1+ 49. Nf1 Bxd1 50. c5 bxc5 51. Rxc5+ Ke6 52. b5 Bf3 53. Kf2 Rh8 54. Ng3 Rb8 55. Ke3 Nxb5 56. Nxe4 Bxe4 57. Kxe4 Nd6+ 58. Ke3 Rb3+ 59. Kd2 Rh3 60. Ke2 Rb3 61. Rh5 Ne4 62. Kd1 Rd3+ 63. Kc1 Rc3+ 64. Kb1 Rc8 65. Ra5 Kd6 66. Rh5 Ke6 67. Ra5 Nd2+ 68. Ka2 Rc2+ 69. Ka3 Rc1 70. Ka2 Kd6 71. Rh5 Rc8 72. Ka3 Nc4+ 73. Ka2 Ne5 74. Ka3 Kd5 75. Ka2 Kd4 76. Ka3 Nd3 77. Rh6 Kc3 78. Ka4 Ne5 79. Rh3+ Kc4 80. Rh4+ Kc5 81. Ka3 Ra8+ 82. Kb2 Nc4+ 83. Kc3 Ra3+ 84. Kc2 Rg3 85. Rh5+ Kb4 86. Rh8 Rg2+ 87. Kd3 Ne5+ 88. Ke4 Nc6 89. Rc8 Kc5 90. Kf3 Rg7 91. Rh8 Re7 92. Rh5+ Kc4 93. Rh4+ Nd4+ 94. Kf4 Kd5 95. Kg5 Ne6+ 96. Kf6 Re8 97. Rh5+ Kd6 98. Ra5 Rf8+ 99. Kg6 Rf1 100. Ra6+ Kd7 101. Ra7+ Nc7 102. Ra3 Ke7 103. Re3+ Ne6 104. Ra3 Rf6+ 105. Kh5 Rf8 106. Kg4 Kf6 107. Ra6 1/2-1/2

[Event "Titled Tuesday intern op 23rd Apr Late"]
[Site "Chess.com INT"]
[Date "2024.04.23"]
[Round "2"]
[White "Skrondal, Inge Sandstad"]
[Black "Cardozo Munar, Carlos Eduardo"]
[Result "1-0"]
[WhiteElo "2290"]
[BlackElo "2043"]
[PlyCount "55"]
[EventDate "2024.04.23"]
[EventType "swiss (blitz)"]
[EventRounds "11"]
[EventCountry "USA"]
[SourceTitle "CB18_2024"]
[SourceDate "2024.05.01"]
[SourceVersion "1"]
[SourceVersionDate "2024.05.01"]
[SourceQuality "2"]

1. d4 d5 2. Nf3 e6 3. e3 Nf6 4. Bd3 Bd6 5. b3 a6 6. Bb2 Nbd7 7. Nbd2 0-0 8. 0-0 Re8 9. Ne5 c5 10. f4 cxd4 11. exd4 Nf8 12. Ndf3 b5 13. Ng5 Ra7 14. Nc6 Qc7 15. Nxa7 Qxa7 16. Qf3 h6 17. Nh3 Bb7 18. g4 Ne4 19. Rad1 Qb8 20. Kh1 Ng6 21. f5 exf5 22. gxf5 Nf8 23. Qg2 Nh7 24. Bc1 Nhf6 25. Bxh6 Nh5 26. Rg1 Kh7 27. Bxg7 Rg8 28. f6 1-0

[Event "Titled Tuesday intern op 16th Apr Early"]
[Site "Chess.com INT"]
[Date "2024.04.16"]
[Round "8"]
[White "Brown, Andrew"]
[Black "Cardozo Munar, Carlos Eduardo"]
[Result "1-0"]
[WhiteElo "2279"]
[BlackElo "2043"]
[PlyCount "39"]
[EventDate "2024.04.16"]
[EventType "swiss (blitz)"]
[EventRounds "11"]
[EventCountry "USA"]
[SourceTitle "CB17_2024"]
[SourceDate "2024.04.24"]
[SourceVersion "1"]
[SourceVersionDate "2024.04.24"]
[SourceQuality "1"]

1. d4 d5 2. c4 e6 3. Nc3 a6 4. Nf3 dxc4 5. a4 Nc6 6. e4 Na5 7. Be3 Nf6 8. Ne5 Bb4 9. f3 b5 10. axb5 axb5 11. Be2 Bb7 12. 0-0 Nb3 13. Rxa8 Qxa8 14. Nxb5 0-0 15. Bxc4 Na5 16. Qd3 Nxc4 17. Qxc4 Bd6 18. Nxc7 Rc8 19. Nxa8 Rxc4 20. Nxc4 1-0

[Event "Titled Tuesday intern op 16th Apr Early"]
[Site "Chess.com INT"]
[Date "2024.04.16"]
[Round "2"]
[White "Reprintsev, Alexander"]
[Black "Cardozo Munar, Carlos Eduardo"]
[Result "0-1"]
[WhiteElo "2241"]
[BlackElo "2043"]
[PlyCount "50"]
[EventDate "2024.04.16"]
[EventType "swiss (blitz)"]
[EventRounds "11"]
[EventCountry "USA"]
[SourceTitle "CB17_2024"]
[SourceDate "2024.04.24"]
[SourceVersion "1"]
[SourceVersionDate "2024.04.24"]
[SourceQuality "1"]

1. e4 e6 2. d4 d5 3. Nc3 Nf6 4. Bg5 Be7 5. e5 Nfd7 6. Bxe7 Qxe7 7. f4 0-0 8. Bd3 c5 9. Nf3 f5 10. exf6 Qxf6 11. g3 cxd4 12. Nxd4 e5 13. Ndb5 exf4 14. 0-0 Qb6+ 15. Kh1 d4 16. Nxd4 fxg3 17. Bc4+ Kh8 18. Qd3 Nf6 19. hxg3 Nc6 20. Nf3 Qc5 21. a3 Bg4 22. b4 Qh5+ 23. Nh2 Rad8 24. Rxf6 Rxf6 25. Nd5 Rf2 0-1

[Event "Bogota Centro Comercial op 2nd"]
[Site "Bogota"]
[Date "2024.04.14"]
[Round "5"]
[White "Blanco Fernandez, Lino Orlando"]
[Black "Cardozo Munar, Carlos Eduardo"]
[Result "1-0"]
[WhiteElo "2288"]
[BlackElo "2018"]
[PlyCount "106"]
[EventDate "2024.04.14"]
[EventType "swiss"]
[EventRounds "7"]
[EventCountry "COL"]
[SourceTitle "CB16_2024"]
[SourceDate "2024.04.17"]
[SourceVersion "1"]
[SourceVersionDate "2024.04.17"]
[SourceQuality "1"]

1. e4 e6 2. d3 d5 3. Nd2 Nf6 4. Ngf3 c5 5. g3 Nc6 6. Bg2 Be7 7. 0-0 b5 8. Re1 a5 9. a4 b4 10. c4 dxc4 11. Nxc4 Ba6 12. b3 0-0 13. Bb2 Qc7 14. Rc1 Rad8 15. Qe2 Ng4 16. h3 Bxc4 17. dxc4 Nge5 18. Nxe5 Nxe5 19. Rcd1 Nc6 20. e5 Nd4 21. Bxd4 Rxd4 22. Rxd4 cxd4 23. Qe4 Rd8 24. Rd1 Bc5 25. Rd3 g6 26. f4 h5 27. Kf1 Kg7 28. Ke2 Qd7 29. Kd1 Qc7 30. Kc2 Qd7 31. Bf1 Rb8 32. Bg2 Rd8 33. g4 hxg4 34. hxg4 Rh8 35. Bh3 Rb8 36. f5 Rh8 37. Rf3 Rh4 38. fxg6 fxg6 39. Bf1 Qe7 40. Rf6 Qe8 41. Bd3 Rh6 42. g5 Rh2+ 43. Kd1 Be7 44. Rxg6+ Kh8 45. Rxe6 Qh5+ 46. Be2 Qxg5 47. Rg6 Qh4 48. Qa8+ Bd8 49. Qd5 Rh1+ 50. Kc2 d3+ 51. Qxd3 Bg5 52. Qd5 Rc1+ 53. Kb2 Bd8 1-0

[Event "Bogota Centro Comercial op 2nd"]
[Site "Bogota"]
[Date "2024.04.14"]
[Round "4"]
[White "Cardozo Munar, Carlos Eduardo"]
[Black "Castro Lombana, Juan Pablo"]
[Result "1-0"]
[WhiteElo "2018"]
[BlackElo "1936"]
[PlyCount "65"]
[EventDate "2024.04.14"]
[EventType "swiss"]
[EventRounds "7"]
[EventCountry "COL"]
[SourceTitle "CB16_2024"]
[SourceDate "2024.04.17"]
[SourceVersion "1"]
[SourceVersionDate "2024.04.17"]
[SourceQuality "1"]

1. d4 Nf6 2. Bg5 Ne4 3. h4 c5 4. d5 d6 5. Nd2 Nxd2 6. Qxd2 h6 7. Bf4 g6 8. e4 Bg7 9. Rb1 Nd7 10. Nf3 a6 11. c4 Nf6 12. Bd3 Nh5 13. Be3 f5 14. exf5 gxf5 15. g4 fxg4 16. Bg6+ Kf8 17. Bxh5 gxf3 18. Qd1 Qd7 19. Bxf3 Qf5 20. Rg1 Qf6 21. Be4 Qxh4 22. Qd3 Be5 23. Kd2 Bd7 24. Rg6 Be8 25. Rh1 Qxh1 26. Bxh1 Bxg6 27. Qxg6 Bg7 28. Bf3 Kg8 29. Qe6+ Kf8 30. Bh5 Bc3+ 31. bxc3 Rh7 32. Bxh6+ Rxh6 33. Qf7# 1-0

[Event "Titled Tuesday intern op 02nd Apr Early"]
[Site "Chess.com INT"]
[Date "2024.04.02"]
[Round "2"]
[White "Belmonte, Diego Mariano"]
[Black "Cardozo Munar, Carlos Eduardo"]
[Result "1-0"]
[WhiteElo "2305"]
[BlackElo "2043"]
[PlyCount "35"]
[EventDate "2024.04.02"]
[EventType "swiss (blitz)"]
[EventRounds "11"]
[EventCountry "USA"]
[SourceTitle "CB15_2024"]
[SourceDate "2024.04.10"]
[SourceVersion "1"]
[SourceVersionDate "2024.04.10"]
[SourceQuality "1"]

1. d4 d5 2. Bg5 Bf5 3. e3 c6 4. Nd2 Nd7 5. Ngf3 Ngf6 6. h3 h6 7. Bh4 e6 8. Bd3 Bxd3 9. cxd3 Be7 10. 0-0 Qc7 11. Rc1 e5 12. dxe5 Nxe5 13. Nxe5 Qxe5 14. Qb3 Qc7 15. Bxf6 Bxf6 16. Qxd5 Bxb2 17. Qe4+ Kf8 18. Qb4+ 1-0

[Event "Titled Tuesday intern op 02nd Apr Late"]
[Site "Chess.com INT"]
[Date "2024.04.02"]
[Round "7"]
[White "Cardozo Munar, Carlos Eduardo"]
[Black "Sadovsky, Artem"]
[Result "0-1"]
[WhiteElo "2043"]
[BlackElo "2276"]
[PlyCount "60"]
[EventDate "2024.04.02"]
[EventType "swiss (blitz)"]
[EventRounds "11"]
[EventCountry "USA"]
[SourceTitle "CB15_2024"]
[SourceDate "2024.04.10"]
[SourceVersion "1"]
[SourceVersionDate "2024.04.10"]
[SourceQuality "1"]

1. e4 g6 2. Nf3 Bg7 3. d4 d6 4. c3 e5 5. dxe5 dxe5 6. Qxd8+ Kxd8 7. Bc4 f6 8. 0-0 c6 9. h3 Bh6 10. Bxg8 Bxc1 11. Rxc1 Rxg8 12. Na3 Be6 13. b3 a5 14. Nc2 a4 15. c4 axb3 16. axb3 Rxa1 17. Rxa1 Kc7 18. Ne3 Na6 19. Kf1 Rd8 20. Ke2 Nc5 21. b4 Nxe4 22. Rc1 Ra8 23. Rc2 Ra2 24. Rxa2 Nc3+ 25. Kd3 Nxa2 26. b5 cxb5 27. cxb5 Kb6 28. Nc4+ Kc5 29. Na5 Bd5 30. Ne1 Kxb5 0-1

[Event "Titled Tuesday intern op 02nd Apr Early"]
[Site "Chess.com INT"]
[Date "2024.04.02"]
[Round "8"]
[White "Cardozo Munar, Carlos Eduardo"]
[Black "Sovetbekova, Nurai"]
[Result "0-1"]
[WhiteElo "2043"]
[BlackElo "1962"]
[PlyCount "136"]
[EventDate "2024.04.02"]
[EventType "swiss (blitz)"]
[EventRounds "11"]
[EventCountry "USA"]
[SourceTitle "CB15_2024"]
[SourceDate "2024.04.10"]
[SourceVersion "1"]
[SourceVersionDate "2024.04.10"]
[SourceQuality "1"]

1. e4 c5 2. d3 g6 3. Nf3 Bg7 4. g3 Nc6 5. Bg2 e6 6. 0-0 Nge7 7. Nc3 0-0 8. Be3 b6 9. Qd2 d5 10. Ne2 Bxb2 11. c3 Bxa1 12. Rxa1 dxe4 13. dxe4 Qxd2 14. Nxd2 Bb7 15. a4 Rfd8 16. Nc4 f6 17. Nf4 Kf7 18. a5 Ba6 19. Bf1 g5 20. Nh5 Kg6 21. g4 Bxc4 22. Bxc4 Nxa5 23. Bxe6 Rd6 24. Ba2 Rad8 25. Kg2 Rd1 26. Rxd1 Rxd1 27. h4 Nac6 28. Be6 Rd6 29. Bc4 Ne5 30. Bb5 Rd8 31. f3 N7c6 32. Kg3 Rd1 33. f4 gxf4+ 34. Nxf4+ Kf7 35. Ba6 Ne7 36. c4 Ra1 37. Bb7 Ra3 38. Ng2 Nxc4 39. Kf4 Nxe3 40. Nxe3 Ng6+ 41. Kf3 Nxh4+ 42. Kf4 Ng6+ 43. Kf3 c4 44. Bd5+ Ke7 45. e5 Nxe5+ 46. Ke4 Rxe3+ 47. Kxe3 Nxg4+ 48. Kd4 Ne5 49. Be4 Kd6 50. Bxh7 a5 51. Kc3 Kc5 52. Bg8 b5 53. Kb2 b4 54. Ka2 Kd4 55. Kb2 f5 56. Bh7 f4 57. Bf5 f3 58. Bh3 f2 59. Ka2 Kc3 60. Bf1 b3+ 61. Ka3 Kd2 62. Kb2 Nd3+ 63. Ka3 Ke1 64. Bh3 f1Q 65. Bxf1 Kxf1 66. Ka4 b2 67. Ka3 b1Q 68. Ka4 Qb4# 0-1

[Event "Titled Tuesday intern op 12th Mar Late"]
[Site "Chess.com INT"]
[Date "2024.03.12"]
[Round "1"]
[White "Olhovik, Andrei"]
[Black "Cardozo Munar, Carlos Eduardo"]
[Result "1/2-1/2"]
[WhiteElo "2283"]
[BlackElo "2043"]
[PlyCount "114"]
[EventDate "2024.03.12"]
[EventType "swiss (blitz)"]
[EventRounds "11"]
[EventCountry "USA"]
[SourceTitle "CB12_2024"]
[SourceDate "2023.10.01"]
[SourceVersion "1"]
[SourceVersionDate "2023.10.01"]
[SourceQuality "1"]

1. d4 d5 2. c4 e5 3. dxe5 d4 4. Nf3 Nc6 5. a3 Nge7 6. e3 Bg4 7. Be2 dxe3 8. Qxd8+ Rxd8 9. Bxe3 Ng6 10. Nc3 Ngxe5 11. Nxe5 Nxe5 12. Bxg4 Nxg4 13. Bf4 Bc5 14. 0-0 c6 15. h3 Nxf2 16. Rxf2 Bxf2+ 17. Kxf2 Rd4 18. Be5 Rxc4 19. Bxg7 Rg8 20. Re1+ Kd7 21. Be5 b5 22. Rd1+ Kc8 23. Rd6 a5 24. Rf6 b4 25. axb4 axb4 26. Na4 Rc2+ 27. Kf3 Rgxg2 28. Bd4 Rgd2 29. Bc5 Rh2 30. Rxf7 Rxh3+ 31. Kg4 Rh6 32. Nb6+ Kd8 33. Rf8+ Kc7 34. Rf7+ Kd8 35. Be3 Rg6+ 36. Kf5 Rxb2 37. Rf8+ Kc7 38. Rf7+ Kd8 39. Rxh7 Rgg2 40. Bg5+ Rxg5+ 41. Kxg5 b3 42. Rh3 Kc7 43. Na4 Ra2 44. Nc3 b2 45. Nb1 Ra1 46. Rh1 Ra4 47. Rh2 Rb4 48. Kf5 Kb6 49. Ke5 Ka5 50. Rc2 Rb6 51. Kd6 Ka4 52. Kc5 Rb8 53. Rc3 Rb5+ 54. Kc4 Rb4+ 55. Kc5 Rb5+ 56. Kc4 Rb4+ 57. Kc5 Rb5+ 1/2-1/2

[Event "Titled Tuesday intern op 27th Feb Late"]
[Site "Chess.com INT"]
[Date "2024.02.27"]
[Round "2"]
[White "Georgiadis, Nico"]
[Black "Cardozo Munar, Carlos Eduardo"]
[Result "1-0"]
[WhiteElo "2547"]
[BlackElo "2043"]
[PlyCount "55"]
[EventDate "2024.02.27"]
[EventType "swiss (blitz)"]
[EventRounds "11"]
[EventCountry "USA"]
[SourceTitle "CB10_2024"]
[SourceDate "2024.03.06"]
[SourceVersion "1"]
[SourceVersionDate "2024.03.06"]
[SourceQuality "1"]

1. c4 Nf6 2. Nc3 g6 3. e4 Bg7 4. Nf3 d6 5. d4 0-0 6. Be2 Nbd7 7. 0-0 e5 8. d5 a6 9. h3 Nc5 10. Qc2 a5 11. Be3 b6 12. b3 Nh5 13. a3 Nf4 14. b4 Nxe2+ 15. Qxe2 axb4 16. axb4 Rxa1 17. Rxa1 Nb3 18. Rb1 Nd4 19. Bxd4 exd4 20. Nb5 Re8 21. Nbxd4 f5 22. Nc6 Qf6 23. Nd2 fxe4 24. Nxe4 Qf4 25. Nf6+ Qxf6 26. Qxe8+ Qf8 27. Ne7+ Kh8 28. Qxf8+ 1-0

[Event "Titled Tuesday intern op 13th Feb Early"]
[Site "Chess.com INT"]
[Date "2024.02.13"]
[Round "2"]
[White "Cardozo Munar, Carlos Eduardo"]
[Black "Aydin, Gulenay"]
[Result "1-0"]
[WhiteElo "2043"]
[BlackElo "2152"]
[PlyCount "105"]
[EventDate "2024.02.13"]
[EventType "swiss (blitz)"]
[EventRounds "11"]
[EventCountry "USA"]
[SourceTitle "CB08_2024"]
[SourceDate "2024.02.21"]
[SourceVersion "1"]
[SourceVersionDate "2024.02.21"]
[SourceQuality "1"]

1. d4 Nf6 2. Bg5 g6 3. Bxf6 exf6 4. g3 Bg7 5. Bg2 0-0 6. e3 d5 7. Ne2 c6 8. 0-0 f5 9. Nd2 Nd7 10. c4 dxc4 11. Nxc4 Nf6 12. b4 Be6 13. Na5 Qe7 14. a3 Ne4 15. Nf4 h5 16. Rc1 h4 17. Qc2 hxg3 18. hxg3 Nd6 19. Rfd1 Rac8 20. Qa4 a6 21. d5 cxd5 22. Nxd5 Bxd5 23. Bxd5 Nb5 24. Bxb7 Rb8 25. Bxa6 Nc3 26. Rxc3 Bxc3 27. Nc6 Qe8 28. b5 Ra8 29. Qc4 Bf6 30. a4 Kg7 31. a5 Rh8 32. Bb7 Qg8 33. Bxa8 Qxa8 34. a6 Qg8 35. Qd5 Qh7 36. a7 Qh2+ 37. Kf1 Ra8 38. b6 Qh5 39. Nb4 Rh8 40. b7 Qg4 41. a8Q Rh2 42. Qh1 Rxh1+ 43. Kg2 Qh3+ 44. Kf3 Qg4+ 45. Kg2 Qxd1 46. b8Q Rg1+ 47. Kh2 Rh1+ 48. Qxh1 Qh5+ 49. Kg2 Qg4 50. Qf4 Qe2 51. Qhh6+ Kg8 52. Qb8+ Bd8 53. Qxd8# 1-0

[Event "Titled Tuesday intern op 13th Feb Early"]
[Site "Chess.com INT"]
[Date "2024.02.13"]
[Round "1"]
[White "Kozlov, Gennady"]
[Black "Cardozo Munar, Carlos Eduardo"]
[Result "1-0"]
[WhiteElo "2400"]
[BlackElo "2043"]
[PlyCount "71"]
[EventDate "2024.02.13"]
[EventType "swiss (blitz)"]
[EventRounds "11"]
[EventCountry "USA"]
[SourceTitle "CB08_2024"]
[SourceDate "2024.02.21"]
[SourceVersion "1"]
[SourceVersionDate "2024.02.21"]
[SourceQuality "1"]

1. b3 Nf6 2. Bb2 g6 3. e3 Bg7 4. f4 d6 5. Nf3 c5 6. Be2 Nc6 7. 0-0 a6 8. a4 Bg4 9. Na3 Nh5 10. Bxg7 Nxg7 11. h3 Bxf3 12. Bxf3 Qd7 13. Nc4 Nf5 14. Nb6 Qd8 15. Nxa8 Qxa8 16. g4 Nh4 17. Bxc6+ bxc6 18. Qe1 g5 19. fxg5 Ng6 20. Qf2 0-0 21. h4 f6 22. gxf6 Rxf6 23. Qg3 Qf8 24. Rxf6 Qxf6 25. Rf1 Qxh4 26. Qxh4 Nxh4 27. Kh2 Ng6 28. Kg3 a5 29. d4 cxd4 30. exd4 Kg7 31. b4 axb4 32. a5 Nf8 33. Rxf8 Kxf8 34. a6 c5 35. dxc5 dxc5 36. a7 1-0

[Event "Titled Tuesday intern op 13th Feb Early"]
[Site "Chess.com INT"]
[Date "2024.02.13"]
[Round "3"]
[White "Rodriguez Fontecha, Marcos"]
[Black "Cardozo Munar, Carlos Eduardo"]
[Result "1-0"]
[WhiteElo "2289"]
[BlackElo "2043"]
[PlyCount "55"]
[EventDate "2024.02.13"]
[EventType "swiss (blitz)"]
[EventRounds "11"]
[EventCountry "USA"]
[SourceTitle "CB08_2024"]
[SourceDate "2024.02.21"]
[SourceVersion "1"]
[SourceVersionDate "2024.02.21"]
[SourceQuality "1"]

1. d4 d5 2. Bf4 e6 3. e3 Bd6 4. Qg4 Nf6 5. Qxg7 Rg8 6. Qh6 Rg6 7. Qh4 Rg4 8. Qh6 Rg6 9. Qh4 Rg4 10. Qh3 e5 11. Bxe5 Bxe5 12. dxe5 Re4 13. Qg3 Ng4 14. h3 Nxe5 15. Nd2 Ng6 16. Nxe4 dxe4 17. Rd1 Qe7 18. c3 Be6 19. Ne2 Bxa2 20. Nf4 Nc6 21. Bb5 a6 22. Bxc6+ bxc6 23. 0-0 Bc4 24. Rfe1 a5 25. Rd4 Ne5 26. Rxe4 0-0-0 27. Ng6 fxg6 28. Qxe5 1-0

[Event "Titled Tuesday intern op 06th Feb Early"]
[Site "Chess.com INT"]
[Date "2024.02.06"]
[Round "4"]
[White "Acosta Villarroel, Lorner Justus"]
[Black "Cardozo Munar, Carlos Eduardo"]
[Result "1-0"]
[WhiteElo "2168"]
[BlackElo "2043"]
[PlyCount "111"]
[EventDate "2024.02.06"]
[EventType "swiss (blitz)"]
[EventRounds "11"]
[EventCountry "USA"]
[SourceTitle "CB07_2024"]
[SourceDate "2024.02.14"]
[SourceVersion "1"]
[SourceVersionDate "2024.02.14"]
[SourceQuality "1"]

1. Nf3 Nf6 2. e3 g6 3. c4 Bg7 4. b3 0-0 5. Bb2 d6 6. d4 c5 7. Be2 cxd4 8. Nxd4 Nc6 9. 0-0 Nxd4 10. Qxd4 Nh5 11. Qd2 Bxb2 12. Qxb2 Nf6 13. Nc3 a6 14. Rfd1 b6 15. Rac1 Bb7 16. h3 Rc8 17. Na4 Bc6 18. Nc3 Qc7 19. Qa3 Qb7 20. Bf1 Rfd8 21. Qb4 h5 22. Ne2 Qc7 23. Nd4 Bb7 24. Qa3 e6 25. Qb2 Ne4 26. Bd3 Qe7 27. Bxe4 Bxe4 28. f3 Bb7 29. Ne2 d5 30. cxd5 Rxc1 31. Qxc1 Rxd5 32. Rxd5 Bxd5 33. Qc8+ Kg7 34. Qxa6 Qc5 35. Qd3 e5 36. Qc3 Qd6 37. Kf2 f6 38. Qd2 Qc6 39. Qd3 b5 40. Qc3 Qd6 41. a4 b4 42. Qd2 Qc5 43. Qd3 h4 44. Ke1 g5 45. Kd2 Bf7 46. Qc2 Qd5+ 47. Qd3 Qxb3 48. Qxb3 Bxb3 49. a5 Bc4 50. Nc1 Kf7 51. Nd3 b3 52. Nb2 Bf1 53. Nd3 Bxg2 54. e4 Bxf3 55. Ke3 Bd1 56. a6 1-0

[Event "Titled Tuesday intern op 06th Feb Late"]
[Site "Chess.com INT"]
[Date "2024.02.06"]
[Round "1"]
[White "Cardozo Munar, Carlos Eduardo"]
[Black "Cremisi, Daniel Josef"]
[Result "0-1"]
[WhiteElo "2043"]
[BlackElo "2163"]
[PlyCount "86"]
[EventDate "2024.02.06"]
[EventType "swiss (blitz)"]
[EventRounds "11"]
[EventCountry "USA"]
[SourceTitle "CB07_2024"]
[SourceDate "2024.02.14"]
[SourceVersion "1"]
[SourceVersionDate "2024.02.14"]
[SourceQuality "1"]

1. e4 e6 2. d4 d5 3. Bd3 c5 4. exd5 exd5 5. Nf3 c4 6. Be2 Nf6 7. 0-0 Nc6 8. c3 Bg4 9. h3 Bh5 10. Bg5 Be7 11. Re1 0-0 12. Nbd2 Re8 13. Nf1 Ne4 14. Bxe7 Rxe7 15. Ne3 Qd7 16. Nd2 Bxe2 17. Qxe2 Rae8 18. Nxe4 Rxe4 19. Qf3 Qe6 20. b3 b5 21. a4 a6 22. axb5 axb5 23. bxc4 bxc4 24. Reb1 g6 25. Rb6 Nxd4 26. Rxe6 Nxf3+ 27. gxf3 R4xe6 28. Nxd5 Re1+ 29. Rxe1 Rxe1+ 30. Kg2 Rc1 31. f4 Kf8 32. Kf3 Ke8 33. Ke3 Kd7 34. Kd4 Ke6 35. Ne3 Rh1 36. Kxc4 Rxh3 37. Kd4 Rf3 38. f5+ gxf5 39. Nd1 h5 40. c4 h4 41. c5 h3 42. c6 h2 43. c7 Kd7 0-1